000 00287nam a22001337a 4500
008 170502b xxu||||| |||| 00| 0 eng d
020 _a9780534545581
041 _aeng
080 _a343.9
100 _a13
101 _aSHJ
245 _aSOCIAL JUSTICE
_cARRIGO, B.A
942 _2udc
_cBK
999 _c12352
_d12352